5 Languages Per Continent Quiz Stats

 Plays Quiz Updated Mar 6, 2017

Support Sporcle.
Go Orange.
Score 0/25 Timer 05:00
2 Plays Today
% Correct
Luxembourgish
97%
Dutch
96.8%
Italian
96.6%
Romanian
95.4%
Mandarin
91.7%
Hindi
91.6%
Swahili
89.7%
Somali
87.8%
Bengali
86.9%
Navajo
85.8%
Sioux
82.3%
Malay
82.1%
Quechua
79%
% Correct
Cree
69.4%
Guarani
61.2%
Manx
55.3%
Ojibwe
54.9%
Pashto
50.5%
Aymara
49.6%
Mapudungun
47.6%
Nahuatl
47.4%
Amharic
44.9%
Nheengatu
44.6%
Hausa
38%
Oromo
32.8%

You're not logged in!

Compare scores with friends on all Sporcle quizzes.
OR
Log In
Forgot?

From the Vault

Invisible Memory Word Ladders

by MovieGuru

You might have to be a mime to really master this quiz.
Remove Ads.
Support Sporcle.
Get the best of Sporcle when you Go Orange. This ad-free experience offers more features, more stats, and more fun while also helping to support Sporcle. Thank you for becoming a member.

Show Comments

Extras

Top Quizzes Today


Score Distribution

Your Account Isn't Verified!

In order to create a playlist on Sporcle, you need to verify the email address you used during registration. Go to your Sporcle Settings to finish the process.

Report this User

Report this user for behavior that violates our Community Guidelines.

Details: